<?xml version="1.0" encoding="UTF-8"?>
<record
    xmlns:xsi="http://www.w3.org/2001/XMLSchema-instance"
    xsi:schemaLocation="http://www.loc.gov/MARC21/slim http://www.loc.gov/standards/marcxml/schema/MARC21slim.xsd"
    xmlns="http://www.loc.gov/MARC21/slim">

  <leader>00488nam a2200181Ia 4500</leader>
  <controlfield tag="008">230917s9999||||xx |||||||||||||| ||und||</controlfield>
  <datafield tag="020" ind1=" " ind2=" ">
    <subfield code="c">RS490</subfield>
  </datafield>
  <datafield tag="040" ind1=" " ind2=" ">
    <subfield code="e">251208</subfield>
    <subfield code="a">MAIN</subfield>
  </datafield>
  <datafield tag="041" ind1=" " ind2=" ">
    <subfield code="a">English</subfield>
  </datafield>
  <datafield tag="082" ind1=" " ind2=" ">
    <subfield code="a">342 K48A(22)</subfield>
  </datafield>
  <datafield tag="100" ind1=" " ind2=" ">
    <subfield code="a">Kesari, U P D</subfield>
  </datafield>
  <datafield tag="245" ind1=" " ind2="0">
    <subfield code="a">Lecurers on administrative law</subfield>
  </datafield>
  <datafield tag="250" ind1=" " ind2=" ">
    <subfield code="a">22nd ed.</subfield>
  </datafield>
  <datafield tag="260" ind1=" " ind2=" ">
    <subfield code="a">Allahabad</subfield>
    <subfield code="b">Central Law Publications</subfield>
    <subfield code="c">2018</subfield>
  </datafield>
  <datafield tag="300" ind1=" " ind2=" ">
    <subfield code="a">xlviii, 656 p.</subfield>
  </datafield>
  <datafield tag="500" ind1=" " ind2=" ">
    <subfield code="a">3319 05/11/2018 HBD18/7563 05/12/2018 Main Budget</subfield>
  </datafield>
  <datafield tag="942" ind1=" " ind2=" ">
    <subfield code="c">BK</subfield>
  </datafield>
  <datafield tag="952" ind1=" " ind2=" ">
    <subfield code="0">0</subfield>
    <subfield code="1">0</subfield>
    <subfield code="4">0</subfield>
    <subfield code="6">342_000000000000000_K48A22</subfield>
    <subfield code="7">0</subfield>
    <subfield code="9">52848</subfield>
    <subfield code="a">MAIN</subfield>
    <subfield code="b">MAIN</subfield>
    <subfield code="d">2018-12-24</subfield>
    <subfield code="g">490.00</subfield>
    <subfield code="l">3</subfield>
    <subfield code="o">342 K48A(22)</subfield>
    <subfield code="p">375594</subfield>
    <subfield code="r">2025-05-12 09:16:29</subfield>
    <subfield code="s">2025-04-21</subfield>
    <subfield code="w">2023-09-17</subfield>
    <subfield code="y">BK</subfield>
    <subfield code="g">490</subfield>
  </datafield>
  <datafield tag="952" ind1=" " ind2=" ">
    <subfield code="0">0</subfield>
    <subfield code="1">0</subfield>
    <subfield code="4">0</subfield>
    <subfield code="6">342_000000000000000_K48A22</subfield>
    <subfield code="7">0</subfield>
    <subfield code="9">52849</subfield>
    <subfield code="a">MAIN</subfield>
    <subfield code="b">MAIN</subfield>
    <subfield code="d">2018-12-24</subfield>
    <subfield code="g">490.00</subfield>
    <subfield code="l">5</subfield>
    <subfield code="o">342 K48A(22)</subfield>
    <subfield code="p">375595</subfield>
    <subfield code="r">2024-12-13 10:46:33</subfield>
    <subfield code="s">2024-11-30</subfield>
    <subfield code="w">2023-09-17</subfield>
    <subfield code="y">BK</subfield>
    <subfield code="g">490</subfield>
  </datafield>
  <datafield tag="952" ind1=" " ind2=" ">
    <subfield code="0">0</subfield>
    <subfield code="1">0</subfield>
    <subfield code="4">0</subfield>
    <subfield code="6">342_000000000000000_K48A22</subfield>
    <subfield code="7">0</subfield>
    <subfield code="9">52850</subfield>
    <subfield code="a">MAIN</subfield>
    <subfield code="b">MAIN</subfield>
    <subfield code="d">2018-12-24</subfield>
    <subfield code="g">490.00</subfield>
    <subfield code="l">8</subfield>
    <subfield code="o">342 K48A(22)</subfield>
    <subfield code="p">375596</subfield>
    <subfield code="r">2026-01-12 15:11:30</subfield>
    <subfield code="s">2025-12-12</subfield>
    <subfield code="w">2023-09-17</subfield>
    <subfield code="y">BK</subfield>
    <subfield code="g">490</subfield>
  </datafield>
  <datafield tag="952" ind1=" " ind2=" ">
    <subfield code="0">0</subfield>
    <subfield code="1">0</subfield>
    <subfield code="4">0</subfield>
    <subfield code="6">342_000000000000000_K48A22</subfield>
    <subfield code="7">0</subfield>
    <subfield code="9">52851</subfield>
    <subfield code="a">MAIN</subfield>
    <subfield code="b">MAIN</subfield>
    <subfield code="d">2018-12-24</subfield>
    <subfield code="g">490.00</subfield>
    <subfield code="l">4</subfield>
    <subfield code="o">342 K48A(22)</subfield>
    <subfield code="p">375597</subfield>
    <subfield code="r">2025-05-02 18:56:45</subfield>
    <subfield code="s">2025-04-16</subfield>
    <subfield code="w">2023-09-17</subfield>
    <subfield code="y">BK</subfield>
    <subfield code="g">490</subfield>
  </datafield>
  <datafield tag="952" ind1=" " ind2=" ">
    <subfield code="0">0</subfield>
    <subfield code="1">0</subfield>
    <subfield code="4">0</subfield>
    <subfield code="6">342_000000000000000_K48A22</subfield>
    <subfield code="7">0</subfield>
    <subfield code="9">52852</subfield>
    <subfield code="a">MAIN</subfield>
    <subfield code="b">MAIN</subfield>
    <subfield code="d">2018-12-24</subfield>
    <subfield code="g">490.00</subfield>
    <subfield code="l">3</subfield>
    <subfield code="o">342 K48A(22)</subfield>
    <subfield code="p">375598</subfield>
    <subfield code="r">2025-06-12 12:39:14</subfield>
    <subfield code="s">2025-05-05</subfield>
    <subfield code="w">2023-09-17</subfield>
    <subfield code="y">BK</subfield>
    <subfield code="g">490</subfield>
  </datafield>
  <datafield tag="999" ind1=" " ind2=" ">
    <subfield code="c">28847</subfield>
    <subfield code="d">28847</subfield>
  </datafield>
</record>
